000 00335nam a2200145Ia 4500
008 191201s2007 xx 000 0 und d
082 _a650.0722
_bDHC
100 _aDHAR, Upinder
245 0 _aCase Method in Management
250 _a2nd
260 _aN.Delhi
_bExcel Books
_c2007
300 _a335
650 _aMBA
942 _2ddc
_cBK
999 _c2730
_d2730